01473nab a22002297a 4500003000400000005001700004008004100021040000700062100002700069245010800096260007300204300001200277500004400289505054800333505009000881650002900971650002101000650002801021650003001049650002301079773014101102OSt20250311125205.0190604e xxu||||| |||| 00| 0 spa d cPJ aBrandt, María Inés10aLineamientos del nuevo Régimen de Incentivo para Grandes Inversiones (RIGI) /cMaría Inés Brandt. aCiudad Autónoma de Buenos Aires :bThomson Reuters La Ley, c2024. ap. 5-15 aCita Online: TR LALEY AR/DOC/1897/2024. aSumario: I. Introducción.— II. Condiciones de adhesión.— III. Condiciones de permanencia en el RIGI.— IV. Incentivos, garantías y estabilidad.— V. Articulación con jurisdicciones locales.— VI. Articulación con otros regímenes promocionales.— VII. Terminación de los incentivos bajo el RIGI.— VIII. Régimen infraccional y sancionatorio.— IX. Protección bajo los tratados de promoción y protección recíproca de inversiones.— X. Solución de controversias.— XI. Entrada en vigencia y reglamentación. t¿Te interesa el texto completo? Solicitalo al correo: koha@justierradelfuego.gov.ar  0aIMPUESTO A LAS GANANCIAS 0aDERECHO ADUANERO 0aDERECHOS DE EXPORTACION 0aDERECHOS DE IMPORTACIÓN 0aTRIBUTOS ADUANEROS0 02714dCiudad Autónoma de Buenos Aires : Thomson Reuters La Ley, 2014-tRevista anales de legislación argentina. Nº 8 - Agosto 2024.